His return, (Record no. 17392)
[ view plain ]
| 000 -LEADER | |
|---|---|
| fixed length control field | 00711cam a22002171 4500 |
| 001 - CONTROL NUMBER | |
| control field | ca 34000884 |
| 003 - CONTROL NUMBER IDENTIFIER | |
| control field | DLC |
| 005 - DATE AND TIME OF LATEST TRANSACTION | |
| control field | 20260227111132.0 |
| 007 - PHYSICAL DESCRIPTION FIXED FIELD--GENERAL INFORMATION | |
| fixed length control field | cr_||||||||||| |
| 008 - FIXED-LENGTH DATA ELEMENTS--GENERAL INFORMATION | |
| fixed length control field | 061129s1922 mau 000 0 eng |
| 010 ## - LIBRARY OF CONGRESS CONTROL NUMBER | |
| LC control number | ca 34000884 |
| 040 ## - CATALOGING SOURCE | |
| Original cataloging agency | DLC |
| Transcribing agency | DLC |
| Modifying agency | DLC |
| 050 00 - LIBRARY OF CONGRESS CALL NUMBER | |
| Classification number | PS3545.I337 |
| Item number | H5 1922 |
| 100 1# - MAIN ENTRY--PERSONAL NAME | |
| Personal name | Wilde, Percival, |
| Dates associated with a name | 1887-1953. |
| 245 10 - TITLE STATEMENT | |
| Title | His return, |
| Remainder of title | a comedy. Opus 53. |
| 260 ## - PUBLICATION, DISTRIBUTION, ETC. | |
| Place of publication, distribution, etc. | [Boston? |
| Date of publication, distribution, etc. | 1922] |
| 300 ## - PHYSICAL DESCRIPTION | |
| Extent | 1 p.l., p. [135]-150. |
| Dimensions | 19 cm. |
| 500 ## - GENERAL NOTE | |
| General note | A separate from the author's Eight comedies for little theatres, Boston, 1922. |
| 530 ## - ADDITIONAL PHYSICAL FORM AVAILABLE NOTE | |
| Additional physical form available note | Also available in digital form on the Internet Archive Web site. |
| 856 41 - ELECTRONIC LOCATION AND ACCESS | |
| Uniform Resource Identifier | <a href="http://hdl.loc.gov/loc.gdc/scd0001.00183783269">http://hdl.loc.gov/loc.gdc/scd0001.00183783269</a> |
No items available.